000 00642nam a22002177a 4500
999 _c10987
_d10987
003 AR-CdUCM
008 190402b ||||| |||| 00| 0 spa d
040 _aMUNICIPALIDAD PROVINCIAL DEL CUSCO
_cBIBLIOTECA MUNICIPAL DEL CUSCO
082 _aC / 869.56 /
_bC23K
100 _aCaller, Lizandro
_928089
245 _aKcori Champi :
_bNovela Andina /
260 _aCusco :
_bTipografĂ­a Cornejo,
_c1925.
300 _a326 páginas ;
_c19 cm.
505 _aContenido: Novela.
650 _aLiteratura Peruana
_9132
650 _aCusco
_9772
650 _aSiglo XX
_98
650 _aCuentos Andinos
_966
942 _2ddc
_cLIBROS
945 _aachl